书目信息 |
| 题名: |
快修巧修汽车电源系统
|
|
| 作者: | 孙余凯 , 吴鸣山 , 项绮明 编著 | |
| 分册: | ||
| 出版信息: | 北京 人民邮电出版社 2010.01 |
|
| 页数: | 341页 | |
| 开本: | 21cm | |
| 丛书名: | ||
| 单 册: | ||
| 中图分类: | U472.41 | |
| 科图分类: | ||
| 主题词: | 汽车--Qi Che--电气设备--车辆修理 | |
| 电子资源: | ||
| ISBN: | 978-7-115-21685-4 | |
| 000 | 01046nam0 2200253 450 | |
| 001 | 0011270182 | |
| 005 | 20100531115139.56 | |
| 010 | @a978-7-115-21685-4@dCNY28.00 | |
| 100 | @a20100515d2010 em y0chiy0110 ea | |
| 101 | 0 | @achi |
| 102 | @aCN@b110000 | |
| 105 | @aa a 000yy | |
| 200 | 1 | @a快修巧修汽车电源系统@Akuai xiu qiao xiu qi che dian yuan xi tong@f孙余凯, 吴鸣山, 项绮明编著@Fsun yu kai,wu ming shan,xiang qi ming bian zhu |
| 210 | @a北京@c人民邮电出版社@d2010.01 | |
| 215 | @a341页@c图@d21cm | |
| 320 | @a有书目 | |
| 330 | @a本书从汽车电源系统的结构组成和工作原理出发,全面系统地介绍了快速检修汽车电源系统故障的方法和技巧。同时,书中给出了大量检修实例,涉及市场上流行的各种品牌车型的电源系统,并对各实例中快修巧修的方法进行了归纳总结,以帮助读者尽快掌握汽车电源系统的检修技能。 | |
| 606 | 0 | @a汽车@AQi Che@x电气设备@x车辆修理 |
| 690 | @aU472.41@v4 | |
| 701 | 0 | @a孙余凯@Asun yu kai@4编著 |
| 701 | 0 | @a吴鸣山@Awu ming shan@4编著 |
| 701 | 0 | @a项绮明@Axiang qi ming@4编著 |
| 801 | 0 | @aCN@c20100515 |
| 905 | @dU472.41@eS970@f3 | |
| 快修巧修汽车电源系统/孙余凯, 吴鸣山, 项绮明编著.-北京:人民邮电出版社,2010.01 |
| 341页:图;21cm |
| ISBN 978-7-115-21685-4:CNY28.00 |
| 本书从汽车电源系统的结构组成和工作原理出发,全面系统地介绍了快速检修汽车电源系统故障的方法和技巧。同时,书中给出了大量检修实例,涉及市场上流行的各种品牌车型的电源系统,并对各实例中快修巧修的方法进行了归纳总结,以帮助读者尽快掌握汽车电源系统的检修技能。 |
| ● |
| 相关链接 |
|
|
|
正题名:快修巧修汽车电源系统
索取号:U472.41/S970
 
预约/预借
| 序号 | 登录号 | 条形码 | 馆藏地/架位号 | 状态 | 备注 |
| 1 | 984764 | 209847647 | 自科库501/501自科库 57排6列1层/ [索取号:U472.41/S970] | 在馆 | |
| 2 | 984765 | 209847656 | 自科库501/501自科库 57排6列1层/ [索取号:U472.41/S970] | 在馆 | |
| 3 | 984766 | 209847665 | 自科库501/501自科库 57排6列1层/ [索取号:U472.41/S970] | 在馆 |